000 00592nam a2200193Ia 4500
003 GCL
008 140319s9999 xx 000 0 ara d
040 _aGCL /
_cGCL
082 0 4 _a810.95
_bم ف
100 1 _aعبدالرؤوف
245 1 0 _aفردريش ريكرت عاشق الادب العربى /
_cعبدالرؤوف
260 _a[S.N] :
_bالجمعية الادبية المصرية ،
_c1974
300 _a122 ص
490 _a
650 0 4 _aالادب العربى
650 0 4 _aالاستشراق والمستشرقون
650 0 4 _aتاريخ ونقد
942 _2ddc
_cBK
999 _c35067
_d35067